000 01244cam a22002894a 4500
999 _c332164
_d332164
001 204805
003 NUST
005 20171116101138.0
008 990614m19992000paua b 001 0 eng
010 _a 99064543
_z 99066876
_z 99069167
020 _a1566767679 (hardcover : acidfree paper)
040 _aDLC
_cDLC
_dDLC
042 _apcc
050 0 0 _aTD897
_b.C3433 1999
082 0 0 _a628.5 CEL
_221
100 1 _aCelenza, Gaetano Joseph.
_96427
245 1 0 _aIndustrial waste treatment process engineering /
_cGaetano Joseph Celenza.
_bFacility Evaluation & Pretreatment Vol-1
260 _aLancaster, Penn. :
_bTechnomic Publishing,
_c1999-2000.
300 _a3 v. :
_bill. ;
_c29 cm.
500 _aH.B
504 _aIncludes bibliographical references and index.
505 0 _av. 1. Facility evaluation & pretreatment -- v. 2. Biological processes -- v. 3. Specialized treatment systems.
650 0 _aFactory and trade waste
_xPurification.
_91014
650 0 _aPollution prevention.
_96390
856 4 2 _3Publisher description
_uhttp://www.loc.gov/catdir/enhancements/fy0744/99064543-d.html
906 _a7
_bcbc
_corignew
_d2
_eopcn
_f19
_gy-gencatlg
942 _2ddc
_cBK
_kIESE